000 00330nam a22001337a 4500
008 170628b xxu||||| |||| 00| 0 eng d
020 _a9780142437070
041 _aeng
080 _a94
100 _a18
101 _aSHH
245 _aALWAR NUNEZ CABENZA CHRONICLE OF THE NARVAEZ EXPEDITION
_cCABEZA,N
942 _2udc
_cBK
999 _c19425
_d19425